Prenos daňovej povinnosti - príklad vystavenia faktúry v roku 2016

Pri platňovaní dane z pridanej hodnoty prenos daňovej povinnosti znamená, že daňová povinnosť z dodania tovaru alebo služby v tuzemsku je prenesená z dodávateľa tovaru alebo služby na osobu, ktorej bol tovar dodaný alebo služba poskytnutá.

Na minha lista:
Detalhes bibliográficos
Autor principal: Válek, Juraj, 1981-
Formato: Capítulo de Livro
Idioma:eslovaco
Assuntos:
Tags: Adicionar Tag
Sem tags, seja o primeiro a adicionar uma tag!

MARC

LEADER 00000naa a2200000 4500
001 0215345
005 20240502073607.9
041 0 |a slo 
044 |a SK 
245 1 0 |a Prenos daňovej povinnosti - príklad vystavenia faktúry v roku 2016  |c Juraj Válek 
520 |a Pri platňovaní dane z pridanej hodnoty prenos daňovej povinnosti znamená, že daňová povinnosť z dodania tovaru alebo služby v tuzemsku je prenesená z dodávateľa tovaru alebo služby na osobu, ktorej bol tovar dodaný alebo služba poskytnutá. 
610 2 0 |a dane z hodnoty pridanej 
610 2 0 |a povinnosť daňová 
610 2 0 |a doklady daňové 
610 2 0 |a faktúry 
610 2 0 |a obdobie zdaňovacie 
610 2 0 |a zaťaženie daňové 
610 2 0 |a zdaňovanie 
100 1 |a Válek, Juraj, 1981-